| 000 | 00974nam a2200265 i 4500 | ||
|---|---|---|---|
| 001 | 186203 | ||
| 003 | SpMaBN | ||
| 005 | 20250705090534.0 | ||
| 008 | 160916s2012 sp |||| | spa d | ||
| 020 | _a978-84-323-1629-6 | ||
| 080 | _a32-055.2(460)"1936/39" | ||
| 080 | _a323.281(460)"1936/39" | ||
| 100 | 1 |
_aGonzález Duro, E., _d1939- _958607 |
|
| 245 | 1 | 4 |
_aLas rapadas : _bel franquismo contra la mujer / _cEnrique González Duro. |
| 260 |
_aTres Cantos, Madrid : _bSiglo XXI España, _c[2012] |
||
| 300 |
_a221 p. ; _c22 cm. |
||
| 504 | _aBibliografía: p. 215-221. | ||
| 650 | 4 |
_aMujeres en la política- _zEspaña _915336 |
|
| 650 | 4 |
_aRepresión política- _zEspaña- _y1936-1939. _9146637 |
|
| 852 | 4 |
_aES-MaACL _jA-13959 _9 193258 _bR.151137 _cDEPO1 _dOlim: N-6959 _hDonación: Enrique González Duro |
|
| 903 |
_aGonzález Duro, E., _d1939- _ednr _958607 |
||
| 942 |
_2udc _cMONOGRAFIA |
||
| 999 |
_c186203 _d186203 |
||